| 000 | 00355nam a22001577a 4500 | ||
|---|---|---|---|
| 003 | SGT | ||
| 020 | _a978-81259-3128-7 | ||
| 082 |
_a615.19 _bA17V |
||
| 100 | _aVISHNOI,N.K | ||
| 245 | _aADVANCED PRACTICAL ORGANIC CHEMISTRY | ||
| 250 | _a3RD. ED | ||
| 260 |
_aNEW DELHI _bVIKASH PUB. _c2017 |
||
| 300 | _a536 | ||
| 650 | _aPHARMACY | ||
| 942 |
_2ddc _cBK _01 |
||
| 999 |
_c15524 _d15524 |
||